[Event "23rd EUR-ch"]
[Site "Vrnjacka Banja SRB"]
[Date "2023.03.10"]
[Round "8.72"]
[White "Van Foreest, Lucas"]
[Black "Agdelen, Huseyin Can"]
[Result "1/2-1/2"]
[WhiteElo "2570"]
[BlackElo "2411"]
[EventDate "2023.03.03"]
[PlyCount "88"]

1.c4 c6 2.d4 d5 3.Nf3 Nf6 4.Nc3 dxc4 5.a4 Bf5 6.Ne5 e6 7.f3 Bb4 8.e4 Bxe4 
9.fxe4 Nxe4 10.Bd2 Qxd4 11.Nxe4 Qxe4+ 12.Qe2 Bxd2+ 13.Kxd2 Qd5+ 14.Kc1 b5 
15.Qe3 O-O 16.Be2 Nd7 17.Nxd7 Qxd7 18.Rd1 Qc7 19.g3 a6 20.Qc5 Rfd8 21.axb5
axb5 22.Rxa8 Rxa8 23.Kc2 g6 24.Rd6 Rd8 25.Rxd8+ Qxd8 26.Qxc6 Qd4 27.Qf3 e5
28.Qc3 Qe4+ 29.Kd2 Qd5+ 30.Ke3 h5 31.Kf2 Kg7 32.Bf3 Qc5+ 33.Qe3 Qd6 34.Be2
Qd5 35.Qb6 Kg8 36.Qe3 Kg7 37.Bf3 Qd6 38.Ke2 b4 39.Qd2 Qxd2+ 40.Kxd2 c3+ 
41.bxc3 bxc3+ 42.Kxc3 f5 43.Kd2 Kh6 44.Ke2 g5 1/2-1/2

[Event "23rd EUR-ch"]
[Site "Vrnjacka Banja SRB"]
[Date "2023.03.10"]
[Round "8.73"]
[White "Makarian, Rudik"]
[Black "David, Alexandru-Vasile"]
[Result "1-0"]
[WhiteElo "2557"]
[BlackElo "2410"]
[EventDate "2023.03.03"]
[PlyCount "56"]

1.Nf3 d5 2.g3 c5 3.Bg2 Nc6 4.O-O e5 5.d3 Be7 6.e4 d4 7.Na3 h5 8.Nc4 Qc7 9.
a4 h4 10.c3 h3 11.Bh1 f6 12.a5 Be6 13.Qa4 O-O-O 14.cxd4 Nxd4 15.Nxd4 Rxd4 
16.Be3 Rxd3 17.Qc2 Rd8 18.b4 cxb4 19.Rfc1 Kb8 20.Qe2 Bxc4 21.Rxc4 Qd7 22.
Rac1 Nh6 23.Rc7 Qxc7 24.Bxa7+ Kc8 25.Rxc7+ Kxc7 26.Qc4+ Kd7 27.Bf3 Rc8 28.
Qb5+ Ke6 1-0

[Event "23rd EUR-ch"]
[Site "Vrnjacka Banja SRB"]
[Date "2023.03.10"]
[Round "8.74"]
[White "Levin, Guy"]
[Black "Kobo, Ori"]
[Result "1/2-1/2"]
[WhiteElo "2419"]
[BlackElo "2548"]
[EventDate "2023.03.03"]
[PlyCount "58"]

1.Nf3 Nf6 2.b3 d5 3.Bb2 Bf5 4.e3 e6 5.Be2 h6 6.O-O Bd6 7.c4 Nbd7 8.Nc3 O-O
9.cxd5 exd5 10.Nb5 Be7 11.Rc1 c6 12.Nbd4 Bh7 13.Nh4 Re8 14.Nhf5 Bf8 15.Ng3
a5 16.a4 Nc5 17.d3 Nfd7 18.Qc2 Na6 19.Ndf5 Nb4 20.Qb1 Bxf5 21.Nxf5 g6 22.
Nd4 Nc5 23.Rfd1 Ne6 24.Nf3 Bg7 25.d4 Ng5 26.Ne5 Ne4 27.Bf3 Nd6 28.Bc3 Bf8 
29.g3 Qf6 1/2-1/2

[Event "23rd EUR-ch"]
[Site "Vrnjacka Banja SRB"]
[Date "2023.03.10"]
[Round "8.75"]
[White "Ben Ari, Yannay"]
[Black "Lobanov, Sergei"]
[Result "1/2-1/2"]
[WhiteElo "2411"]
[BlackElo "2545"]
[EventDate "2023.03.03"]
[PlyCount "47"]

1.e4 c5 2.Nf3 Nc6 3.Bb5 g6 4.O-O Bg7 5.c3 Nf6 6.Re1 O-O 7.d4 d5 8.e5 Ne4 
9.Bxc6 bxc6 10.Be3 Qb6 11.Qc1 cxd4 12.cxd4 a5 13.Nc3 Nxc3 14.Qxc3 Bd7 15.
h3 Rfb8 16.b3 a4 17.Nd2 Qa5 18.Qxa5 Rxa5 19.bxa4 Rxa4 20.Nb3 Ra3 21.Nc5 
Bf5 22.Bc1 Ra7 23.a4 f6 24.g4 1/2-1/2

[Event "23rd EUR-ch"]
[Site "Vrnjacka Banja SRB"]
[Date "2023.03.10"]
[Round "8.76"]
[White "Stremavicius, Titas"]
[Black "Czerw, Dawid"]
[Result "1/2-1/2"]
[WhiteElo "2544"]
[BlackElo "2404"]
[EventDate "2023.03.03"]
[PlyCount "64"]

1.d4 Nf6 2.Nf3 e6 3.g3 d5 4.Bg2 Be7 5.O-O O-O 6.c4 dxc4 7.Qc2 b5 8.a4 b4 
9.Nfd2 Nd5 10.Nxc4 c5 11.e4 Nb6 12.Nxb6 axb6 13.d5 exd5 14.exd5 Bf6 15.Bf4
Bb7 16.Rd1 Bd4 17.Nd2 Bxd5 18.Bxd5 Qxd5 19.Bxb8 Rfxb8 20.Nb3 Rd8 21.Nxd4 
cxd4 22.Rac1 g6 23.b3 b5 24.axb5 Qxb5 25.Qd3 Qb6 26.Qe4 Re8 27.Qc6 Qxc6 
28.Rxc6 Ra3 29.Rd3 Re1+ 30.Kg2 Rb1 31.Rxd4 Rbxb3 32.Rb6 Ra7 1/2-1/2

[Event "23rd EUR-ch"]
[Site "Vrnjacka Banja SRB"]
[Date "2023.03.10"]
[Round "8.77"]
[White "Sebenik, Matej"]
[Black "Peyrer, Konstantin"]
[Result "1-0"]
[WhiteElo "2536"]
[BlackElo "2395"]
[EventDate "2023.03.03"]
[PlyCount "135"]

1.c4 e6 2.g3 Nf6 3.Bg2 d5 4.Nf3 dxc4 5.Qa4+ Nbd7 6.Qxc4 a6 7.Qb3 c5 8.d3 
Bd6 9.a4 O-O 10.O-O Bc7 11.Bd2 e5 12.Rd1 e4 13.dxe4 Nxe4 14.Nc3 Nxd2 15.
Nxd2 Rb8 16.Nc4 b6 17.h4 Kh8 18.Rd3 f5 19.e3 Qe8 20.Nd6 Bxd6 21.Rxd6 Bb7 
22.Bxb7 Rxb7 23.Rad1 Qf7 24.Qd5 Qxd5 25.R1xd5 Rf7 26.a5 bxa5 27.Rxa6 g6 
28.Rxa5 Rxb2 29.Ra7 Rc2 30.Rdxd7 Rxd7 31.Rxd7 Rxc3 32.h5 Rb3 33.h6 Rb8 34.
Rc7 Kg8 35.Kg2 c4 36.Rxc4 Rb7 37.Kf3 Kf7 38.Kf4 Rb2 39.Rc7+ Kf6 40.Rc6+ 
Ke7 41.f3 Rh2 42.Rc7+ Kf6 43.g4 fxg4 44.fxg4 Rf2+ 45.Ke4 Kg5 46.Rxh7 Rf8 
47.Kd5 Rd8+ 48.Ke6 Ra8 49.Re7 Kxh6 50.Kf6 Ra6+ 51.Re6 Ra1 52.g5+ Kh5 53.e4
Rf1+ 54.Kg7 Rf4 55.e5 Rf5 56.Re8 Kxg5 57.e6 Rf1 58.Ra8 Re1 59.Ra5+ Kh4 60.
Kf6 g5 61.Re5 Rf1+ 62.Kg7 Ra1 63.e7 Ra8 64.e8=Q Rxe8 65.Rxe8 g4 66.Kf6 g3 
67.Kf5 g2 68.Kf4 1-0

[Event "23rd EUR-ch"]
[Site "Vrnjacka Banja SRB"]
[Date "2023.03.10"]
[Round "8.78"]
[White "Kulaots, Kaido"]
[Black "Pacher, Milan"]
[Result "1-0"]
[WhiteElo "2525"]
[BlackElo "2392"]
[EventDate "2023.03.03"]
[PlyCount "83"]

1.e4 c5 2.Nf3 d6 3.d4 cxd4 4.Nxd4 Nf6 5.Nc3 a6 6.Be3 e5 7.Nb3 Be7 8.f3 Be6
9.Qd2 h5 10.O-O-O Nbd7 11.Kb1 Rc8 12.Nd5 Bxd5 13.exd5 Nb6 14.Qa5 Nc4 15.
Bxc4 Rxc4 16.Qd2 O-O 17.Qd3 b5 18.Nd2 Rc8 19.g3 g6 20.h3 h4 21.g4 Nh7 22.
Ne4 f5 23.gxf5 gxf5 24.Nd2 Kh8 25.f4 e4 26.Qe2 Qe8 27.Nb3 Nf6 28.Rhg1 Qh5 
29.Qd2 Rg8 30.Rg5 Rxg5 31.fxg5 Nd7 32.Nd4 Qg6 33.Rf1 Rf8 34.Ne6 Ne5 35.
Nxf8 Bxf8 36.Bd4 Bg7 37.Bxe5 Bxe5 38.Qf2 f4 39.Qxh4+ Kg7 40.Rxf4 Bxf4 41.
Qxf4 Qh5 42.Qf6+ 1-0

[Event "23rd EUR-ch"]
[Site "Vrnjacka Banja SRB"]
[Date "2023.03.10"]
[Round "8.79"]
[White "Kalogeris, Ioannis"]
[Black "Mastrovasilis, Athanasios"]
[Result "1/2-1/2"]
[WhiteElo "2409"]
[BlackElo "2518"]
[EventDate "2023.03.03"]
[PlyCount "45"]

1.e4 e5 2.Nf3 Nc6 3.Bb5 Nf6 4.O-O Nxe4 5.Re1 Nd6 6.Nxe5 Be7 7.Bf1 Nxe5 8.
Rxe5 O-O 9.d4 Bf6 10.Re1 Re8 11.c3 Rxe1 12.Qxe1 Ne8 13.Bf4 d5 14.Bd3 g6 
15.Nd2 Ng7 16.Nf3 c6 17.Be5 Bf5 18.Bxf6 Qxf6 19.Bxf5 Re8 20.Ne5 Qxf5 21.
Qd2 f6 22.Nd3 Kf7 23.Kf1 1/2-1/2

[Event "23rd EUR-ch"]
[Site "Vrnjacka Banja SRB"]
[Date "2023.03.10"]
[Round "8.80"]
[White "Draskovic, Luka"]
[Black "Arsovic, Zoran"]
[Result "1-0"]
[WhiteElo "2510"]
[BlackElo "2390"]
[EventDate "2023.03.03"]
[PlyCount "83"]

1.e4 c5 2.Nf3 d6 3.d4 cxd4 4.Nxd4 Nf6 5.Nc3 Nc6 6.Bg5 e6 7.Bb5 Qb6 8.Bxf6 
gxf6 9.Qd2 Bd7 10.Nb3 h5 11.O-O-O a6 12.Bd3 Ne5 13.f4 Rc8 14.Kb1 Nc4 15.
Bxc4 Rxc4 16.Rhf1 Qc7 17.Qd3 b5 18.a3 Be7 19.Rf3 h4 20.Rh3 Qb6 21.Qe2 Rc7 
22.Qe1 a5 23.Rxh4 Rg8 24.g3 b4 25.axb4 axb4 26.Na2 Rc4 27.Rh5 e5 28.f5 Bc6
29.Nd2 Rd4 30.Nc1 Rg4 31.Ncb3 Rgxe4 32.Nxe4 Rxd1+ 33.Qxd1 Bxe4 34.g4 Qe3 
35.Rh8+ Kd7 36.Qf1 Qb6 37.Qc4 Qc6 38.Qxc6+ Bxc6 39.h4 Bf3 40.Rg8 e4 41.h5 
e3 42.Nd4 1-0

[Event "23rd EUR-ch"]
[Site "Vrnjacka Banja SRB"]
[Date "2023.03.10"]
[Round "8.81"]
[White "Radovanovic, Nikola"]
[Black "Beerdsen, Thomas"]
[Result "1/2-1/2"]
[WhiteElo "2407"]
[BlackElo "2510"]
[EventDate "2023.03.03"]
[PlyCount "150"]

1.e4 c5 2.Nf3 e6 3.b3 a6 4.Bb2 Nc6 5.c4 Nf6 6.e5 Ng4 7.h3 Nh6 8.Bd3 d5 9.
exd6 Qxd6 10.Be4 Bd7 11.O-O O-O-O 12.Qe2 Nf5 13.Bxf5 exf5 14.d4 cxd4 15.
Rd1 Qe6 16.Qd3 Bc5 17.a3 Rhe8 18.b4 Bd6 19.Nbd2 Ne5 20.Nxe5 Bxe5 21.b5 Bc7
22.Nf3 axb5 23.cxb5 Qe2 24.Qxe2 Rxe2 25.Bxd4 Bxb5 26.Bxg7 Rxd1+ 27.Rxd1 
Ra2 28.Nd4 Bd7 29.Bf8 Bb6 30.Bd6 Bc6 31.Bb4 f4 32.Kf1 f3 33.gxf3 Bxf3 34.
Nxf3 Rxf2+ 35.Ke1 Rxf3 36.Rd6 Re3+ 37.Kd2 Re6 38.Rd5 Bd8 39.Kc2 h6 40.Rf5 
Rf6 41.Rh5 Rf2+ 42.Kb3 Bg5 43.Bf8 Rf6 44.h4 Rf3+ 45.Kc4 Rf4+ 46.Kb5 Bxh4 
47.Bxh6 Re4 48.Rf5 f6 49.Rf4 Re5+ 50.Kc4 Ra5 51.Bf8 Bg5 52.Rd4 Kc7 53.Bd6+
Kc6 54.Bb4 Re5 55.Rd6+ Kc7 56.Rd5 Re6 57.Ba5+ b6 58.Bc3 Kc6 59.Rf5 Re4+ 
60.Kb3 Re3 61.Kb2 Re6 62.Kb3 Kd7 63.Bd4 Kc6 64.a4 Kb7 65.Bc3 Ka6 66.Bd4 
Bh4 67.Rf4 Bg5 68.Rf5 Rc6 69.Bc3 Bh4 70.Rf4 Bg3 71.Rf5 Bh4 72.Rf4 Bg5 73.
Rf5 Kb7 74.Bb2 Kc7 75.Bd4 Kb7 1/2-1/2

[Event "23rd EUR-ch"]
[Site "Vrnjacka Banja SRB"]
[Date "2023.03.10"]
[Round "8.82"]
[White "Han, Yichen"]
[Black "Wieczorek, Oskar"]
[Result "0-1"]
[WhiteElo "2405"]
[BlackElo "2505"]
[EventDate "2023.03.03"]
[PlyCount "98"]

1.d4 Nf6 2.c4 e6 3.g3 c5 4.d5 exd5 5.cxd5 d6 6.Bg2 g6 7.Nc3 Bg7 8.Nf3 O-O 
9.O-O Re8 10.Nd2 a6 11.a4 Nbd7 12.Nc4 Ne5 13.Nxe5 Rxe5 14.e4 Re8 15.Bf4 
Rb8 16.a5 b5 17.axb6 Rxb6 18.Ra2 Bd7 19.Qd2 Ng4 20.Qe2 Qc8 21.h3 Ne5 22.
Rfa1 Bxh3 23.Rxa6 Bg4 24.Qf1 Rxb2 25.R6a3 c4 26.Rb1 Qc5 27.Rxb2 Qxa3 28.
Rc2 Qb3 29.Bxe5 Qxc2 30.Bxg7 Kxg7 31.Qxc4 Rc8 32.Qd4+ Kg8 33.e5 Qxc3 34.
Qxg4 dxe5 35.d6 Rd8 36.d7 Qc7 37.Bh3 Qd6 38.Qh4 Rf8 39.Qc4 Rd8 40.Qh4 Rb8 
41.Qc4 Kg7 42.Qc8 Rb1+ 43.Kh2 Rd1 44.Qe8 Qf6 45.Bg2 Rd2 46.Kh1 Qxf2 47.
Qxe5+ Qf6 48.Qc7 Qa1+ 49.Kh2 Qd4 0-1

[Event "23rd EUR-ch"]
[Site "Vrnjacka Banja SRB"]
[Date "2023.03.10"]
[Round "8.83"]
[White "Druska, Juraj"]
[Black "Megalios, Konstantinos"]
[Result "1-0"]
[WhiteElo "2505"]
[BlackElo "2382"]
[EventDate "2023.03.03"]
[PlyCount "137"]

1.e4 e5 2.Nf3 Nc6 3.Bc4 Nf6 4.d3 h6 5.c3 d6 6.a4 g6 7.Qb3 Qd7 8.a5 Rb8 9.
O-O Bg7 10.Re1 O-O 11.d4 Re8 12.d5 Ne7 13.a6 b5 14.Ra5 c6 15.dxc6 Nxc6 16.
Rxb5 Bxa6 17.Rxb8 Rxb8 18.Qa2 Bxc4 19.Qxc4 d5 20.exd5 Qxd5 21.Na3 Rd8 22.
h3 e4 23.Qxd5 Rxd5 24.Nh2 Ne5 25.Be3 Rd7 26.Ra1 Nd5 27.Nf1 Rb7 28.Ra2 f5 
29.Bd4 Nd3 30.Bxg7 Kxg7 31.Nc4 N5f4 32.Nfd2 h5 33.h4 Nd5 34.Kf1 Kh6 35.Ra5
Nf6 36.Ra2 Re7 37.Ra6 Ng4 38.Ne3 Nxe3+ 39.fxe3 Nxb2 40.Ke2 Rc7 41.Nb3 Nd3 
42.Nd4 f4 43.Ne6 Rf7 44.Ng5 Re7 45.Ne6 Rf7 46.Ng5 Re7 47.c4 Nb4 48.Rd6 a5 
49.exf4 Kg7 50.c5 a4 51.c6 a3 52.c7 Rxc7 53.Ne6+ Kf7 54.Nxc7 a2 55.Rd7+ 
Kf6 56.Ne8+ Kf5 57.Ra7 Kxf4 58.Nf6 Ke5 59.Nd7+ Kd4 60.Nf8 Kc4 61.Nxg6 Nd5 
62.Ra3 Kb4 63.Rxa2 Nc3+ 64.Ke3 Nxa2 65.Kxe4 Nc3+ 66.Ke5 Nd1 67.Nf4 Ne3 68.
Ke4 Nf1 69.Nxh5 1-0

[Event "23rd EUR-ch"]
[Site "Vrnjacka Banja SRB"]
[Date "2023.03.10"]
[Round "8.85"]
[White "Vetokhin, Savva"]
[Black "Kukhmazov, Arsen"]
[Result "1/2-1/2"]
[WhiteElo "2388"]
[BlackElo "2495"]
[EventDate "2023.03.03"]
[PlyCount "32"]

1.d4 Nf6 2.c4 e6 3.Nc3 Bb4 4.e3 d5 5.Bd3 e5 6.dxe5 dxc4 7.Bc2 Qxd1+ 8.Bxd1
Ne4 9.Ne2 Nc6 10.Bc2 Nxc3 11.bxc3 Ba5 12.f4 Be6 13.h3 O-O-O 14.Kf2 g5 15.
g3 h5 16.e4 Rhg8 1/2-1/2

[Event "23rd EUR-ch"]
[Site "Vrnjacka Banja SRB"]
[Date "2023.03.10"]
[Round "8.86"]
[White "Pasztor, Balazs"]
[Black "Gorodetzky, David"]
[Result "1/2-1/2"]
[WhiteElo "2387"]
[BlackElo "2488"]
[EventDate "2023.03.03"]
[PlyCount "68"]

1.e4 e5 2.Nf3 Nc6 3.Bb5 a6 4.Ba4 Nf6 5.O-O Bc5 6.c3 O-O 7.d4 Ba7 8.Bg5 h6 
9.Bh4 d6 10.Bxc6 bxc6 11.dxe5 dxe5 12.Nxe5 Qe7 13.Nf3 Qxe4 14.Bxf6 gxf6 
15.Nbd2 Qf4 16.Re1 Bf5 17.Nb3 Rad8 18.Nbd4 Rd6 19.Qe2 Bc8 20.Qe7 Rd7 21.
Re4 Rxe7 22.Rxf4 Bxd4 23.Nxd4 c5 24.Nf5 Re2 25.Nxh6+ Kg7 26.Ng4 Rxb2 27.
Nxf6 Rd8 28.h4 Rc2 29.Re1 Rxc3 30.Ne8+ Kg8 31.Nxc7 c4 32.Kh2 Rc2 33.Re5 
Rxa2 34.Rc5 Rdd2 1/2-1/2

[Event "23rd EUR-ch"]
[Site "Vrnjacka Banja SRB"]
[Date "2023.03.10"]
[Round "8.87"]
[White "Kraus, Tomas"]
[Black "Injac, Teodora"]
[Result "1/2-1/2"]
[WhiteElo "2486"]
[BlackElo "2383"]
[EventDate "2023.03.03"]
[PlyCount "76"]

1.e4 e5 2.Nf3 Nc6 3.d4 exd4 4.Nxd4 Bc5 5.Nxc6 Qf6 6.Qf3 bxc6 7.Nc3 Bd4 8.
Bc4 d6 9.Ne2 Qxf3 10.gxf3 Bf6 11.Nf4 h5 12.Rg1 Ne7 13.c3 Rb8 14.Bd2 g5 15.
Nd3 g4 16.O-O-O Ng6 17.Be3 a5 18.f4 Nh4 19.e5 Be7 20.Bb3 Nf3 21.Rh1 Kf8 
22.Ne1 Nh4 23.Ba4 c5 24.Bc6 Be6 25.Bd5 Nf5 26.Nc2 Kg7 27.exd6 cxd6 28.Na3 
a4 29.Nc4 Bd7 30.Rd2 Bb5 31.Na5 Rhc8 32.Rhd1 Bf6 33.Nc4 Re8 34.a3 Bxc4 35.
Bxc4 Rxe3 36.fxe3 Nxe3 37.Bd5 Nxd1 38.Kxd1 Rb6 1/2-1/2

[Event "23rd EUR-ch"]
[Site "Vrnjacka Banja SRB"]
[Date "2023.03.10"]
[Round "8.88"]
[White "Zanan, Evgeny"]
[Black "Pasti, Aron"]
[Result "1-0"]
[WhiteElo "2485"]
[BlackElo "2378"]
[EventDate "2023.03.03"]
[PlyCount "131"]

1.e4 e5 2.Nf3 Nc6 3.Bb5 a6 4.Ba4 Nf6 5.O-O Be7 6.Re1 b5 7.Bb3 O-O 8.h3 d6 
9.c3 Na5 10.Bc2 c5 11.d4 Qc7 12.d5 Nc4 13.b3 Nb6 14.a4 Rb8 15.a5 Nbd7 16.
Nbd2 Re8 17.Nf1 Nf8 18.Ng3 g6 19.Bh6 Kh8 20.Nh2 Ng8 21.Be3 Bf6 22.Qd2 Bg7 
23.b4 cxb4 24.cxb4 Bb7 25.Bd3 Rbc8 26.Rac1 Qd7 27.h4 Rxc1 28.Rxc1 Rc8 29.
h5 Rxc1+ 30.Qxc1 Qc8 31.Qd2 Nd7 32.Ne2 Ne7 33.Ng4 f5 34.Bg5 Qe8 35.h6 Bf8 
36.Nf6 Nxf6 37.Bxf6+ Kg8 38.f3 f4 39.Bg5 Qd7 40.Nc3 Nc8 41.g3 fxg3 42.Kg2 
Be7 43.Kxg3 Bxg5 44.Qxg5 Kf7 45.Nd1 Qe7 46.Qc1 Na7 47.Nf2 Bc8 48.Bf1 Ke8 
49.Bh3 Bd7 50.Bxd7+ Qxd7 51.Nh3 Nc8 52.Ng5 Ne7 53.Nxh7 Ng8 54.Ng5 Nxh6 55.
Ne6 Nf7 56.Kg2 Qb7 57.Kg3 Nd8 58.Nxd8 Kxd8 59.Qg5+ Kc8 60.Qg4+ Kb8 61.Qxg6
Qc7 62.Kg4 Qe7 63.Kf5 Kc7 64.Qf6 Qh7+ 65.Kg5 Kd7 66.Qf5+ 1-0

[Event "23rd EUR-ch"]
[Site "Vrnjacka Banja SRB"]
[Date "2023.03.10"]
[Round "8.89"]
[White "Babazada, Khazar"]
[Black "Schekachikhin, Maksim"]
[Result "0-1"]
[WhiteElo "2481"]
[BlackElo "2367"]
[EventDate "2023.03.03"]
[PlyCount "134"]

1.e4 e6 2.d4 d5 3.Nc3 Bb4 4.e5 c5 5.a3 Bxc3+ 6.bxc3 Qc7 7.Nf3 Ne7 8.Bb5+ 
Bd7 9.Bd3 Ba4 10.O-O c4 11.Be2 Na6 12.Ne1 O-O-O 13.f4 Qd7 14.g4 f5 15.Ng2 
Kb8 16.Ne3 Nc7 17.Bd2 Rdf8 18.h3 h6 19.Qe1 g5 20.Rc1 Ng6 21.Ng2 fxg4 22.
hxg4 gxf4 23.Nxf4 Nxf4 24.Bxf4 Qh7 25.Qd2 h5 26.g5 Rf5 27.Be3 Rhf8 28.Rxf5
Rxf5 29.Bf1 b6 30.Kh2 Rf8 31.Bg2 Qg6 32.Rf1 Rxf1 33.Bxf1 Qxc2 34.Kg3 Qe4 
35.Qf2 Be8 36.Bg2 Qg4+ 37.Kh2 Bg6 38.a4 a5 39.Bc1 Kb7 40.Bf3 Qf5 41.Qe2 
Qf7 42.Bg2 Ka7 43.Kg3 Ne8 44.Qb2 Ng7 45.Qa3 Nf5+ 46.Kh2 Nh4 47.Qd6 Bd3 48.
g6 Bxg6 49.Bg5 Nxg2 50.Kxg2 Be4+ 51.Kg1 Qg7 52.Kh2 Kb7 53.Qd8 Qc7 54.Qg8 
Qc6 55.Kg3 Bc2 56.Kh4 Bxa4 57.Kxh5 Qe8+ 58.Qxe8 Bxe8+ 59.Kg4 b5 60.Kf3 Ka6
61.Ke2 b4 62.Kd1 Bg6 63.Bd2 a4 64.cxb4 Kb5 65.Bc3 a3 66.Kd2 Ka4 67.b5 Kxb5
0-1

[Event "23rd EUR-ch"]
[Site "Vrnjacka Banja SRB"]
[Date "2023.03.10"]
[Round "8.90"]
[White "Kosakowski, Jakub"]
[Black "Costa, Leonardo"]
[Result "1/2-1/2"]
[WhiteElo "2476"]
[BlackElo "2364"]
[EventDate "2023.03.03"]
[PlyCount "103"]

1.e4 c6 2.d4 d5 3.e5 Bf5 4.Nf3 e6 5.Be2 c5 6.c3 Nc6 7.O-O cxd4 8.Nxd4 Nge7
9.Bb5 a6 10.Bxc6+ bxc6 11.Bg5 Qd7 12.Nd2 c5 13.Bxe7 Bxe7 14.Nxf5 exf5 15.
f4 O-O 16.Qc2 Rab8 17.Rad1 Rfd8 18.Nf3 g6 19.Rd2 c4 20.g3 Bc5+ 21.Kg2 Qb5 
22.Rfd1 Ba7 23.b4 cxb3 24.axb3 Qxb3 25.Qxb3 Rxb3 26.Rxd5 Rxd5 27.Rxd5 Bb6 
28.c4 Rb2+ 29.Kh3 a5 30.c5 Rb5 31.Nd4 Rxc5 32.Rd6 Rc4 33.e6 fxe6 34.Nxe6 
Be3 35.Rd7 Bc1 36.Rg7+ Kh8 37.Ra7 h6 38.Rxa5 Rc6 39.Ra8+ Kh7 40.Ra7+ Kh8 
41.Nd8 Rf6 42.Nf7+ Kg7 43.Ne5+ Kg8 44.Nc4 Rc6 45.Ne5 Rf6 46.Nc4 Rc6 47.Ra4
g5 48.Ne5 Rc2 49.Ra8+ Kg7 50.Ra7+ Kg8 51.Ra8+ Kg7 52.Ra7+ 1/2-1/2

[Event "23rd EUR-ch"]
[Site "Vrnjacka Banja SRB"]
[Date "2023.03.10"]
[Round "8.91"]
[White "Barseghian, Armen Ar."]
[Black "Sokolovsky, Yahli"]
[Result "1/2-1/2"]
[WhiteElo "2382"]
[BlackElo "2476"]
[EventDate "2023.03.03"]
[PlyCount "54"]

1.d4 Nf6 2.Nf3 g6 3.g3 Bg7 4.Bg2 O-O 5.O-O d6 6.Nc3 Nbd7 7.e4 e5 8.a4 c6 
9.Re1 Qc7 10.h3 b6 11.Bg5 Bb7 12.Qd2 a6 13.Rad1 Rfe8 14.dxe5 dxe5 15.Nh2 
Nc5 16.Be3 Rad8 17.Qc1 Ne6 18.a5 bxa5 19.Nf1 Nd4 20.Nd2 c5 21.b3 Bc6 22.
Qb2 a4 23.Nxa4 c4 24.Nc3 cxb3 25.Nxb3 Qb7 26.Qa2 Qb4 27.Nd5 Nxd5 1/2-1/2

[Event "23rd EUR-ch"]
[Site "Vrnjacka Banja SRB"]
[Date "2023.03.10"]
[Round "8.92"]
[White "Leisch, Lukas"]
[Black "Briakin, Mikhail"]
[Result "0-1"]
[WhiteElo "2378"]
[BlackElo "2474"]
[EventDate "2023.03.03"]
[PlyCount "44"]

1.c4 e6 2.g3 d5 3.Bg2 Nf6 4.Nf3 d4 5.O-O c5 6.e3 Nc6 7.exd4 cxd4 8.d3 h6 
9.Na3 Bc5 10.Re1 O-O 11.Nc2 a5 12.b3 Re8 13.Ne5 Nxe5 14.Rxe5 Bd6 15.Re1 e5
16.f4 e4 17.dxe4 d3 18.Ne3 Bc5 19.Kf1 Qd4 20.Ba3 Bxa3 21.Nc2 Qc5 22.Qxd3 
Ng4 0-1

[Event "23rd EUR-ch"]
[Site "Vrnjacka Banja SRB"]
[Date "2023.03.10"]
[Round "8.93"]
[White "Ioannidis, Evgenios"]
[Black "Szwed, Jacek"]
[Result "1-0"]
[WhiteElo "2473"]
[BlackElo "2361"]
[EventDate "2023.03.03"]
[PlyCount "34"]

1.d4 d5 2.c4 dxc4 3.Nf3 a6 4.e3 b5 5.a4 Bb7 6.b3 e6 7.bxc4 bxc4 8.Bxc4 Nf6
9.O-O c5 10.Ba3 Be7 11.Nbd2 cxd4 12.Nxd4 Bxa3 13.Rxa3 Nbd7 14.Qb1 Nc5 15.
N2b3 Nfd7 16.Nxc5 Nxc5 17.Rc1 O-O 1-0

[Event "23rd EUR-ch"]
[Site "Vrnjacka Banja SRB"]
[Date "2023.03.10"]
[Round "8.94"]
[White "Carbonell Sancho, Marc"]
[Black "Firat, Burak"]
[Result "1/2-1/2"]
[WhiteElo "2364"]
[BlackElo "2471"]
[EventDate "2023.03.03"]
[PlyCount "65"]

1.e4 c5 2.Nf3 e6 3.d4 cxd4 4.Nxd4 Nc6 5.Nb5 d6 6.c4 Nf6 7.N1c3 a6 8.Na3 
Be7 9.Be2 O-O 10.O-O b6 11.Be3 Bb7 12.f3 Re8 13.Na4 Nd7 14.Qd2 Nce5 15.Nc3
Rc8 16.Rfd1 Nf6 17.Rac1 h6 18.Bf1 Qc7 19.Qf2 Ned7 20.Nc2 Qb8 21.Kh1 Ba8 
22.Nd4 Bf8 23.a3 Ne5 24.b3 Bb7 25.Na4 Ned7 26.Nc2 d5 27.exd5 exd5 28.Nxb6 
Nxb6 29.Bxb6 Bd6 30.Ba7 Qc7 31.Bb6 Qb8 32.Ba7 Qc7 33.Bb6 1/2-1/2

[Event "23rd EUR-ch"]
[Site "Vrnjacka Banja SRB"]
[Date "2023.03.10"]
[Round "8.95"]
[White "Hagner, Bennet"]
[Black "Saraci, Nderim"]
[Result "1/2-1/2"]
[WhiteElo "2361"]
[BlackElo "2469"]
[EventDate "2023.03.03"]
[PlyCount "95"]

1.e4 e5 2.Nf3 Nc6 3.Bb5 a6 4.Ba4 d6 5.O-O Bd7 6.c3 g6 7.d4 Bg7 8.Re1 Nge7 
9.dxe5 dxe5 10.b4 O-O 11.Bb3 Qe8 12.a4 Nd8 13.Nbd2 Ne6 14.Nc4 f6 15.Qc2 
Kh8 16.Qa2 Nc6 17.a5 Na7 18.Ne3 Nb5 19.Nd5 Rc8 20.Bb2 Rd8 21.Rad1 Bc8 22.
c4 Na7 23.h3 Rf7 24.Bc3 Qf8 25.Qb2 Qe8 26.Rd2 Qf8 27.Red1 Qe8 28.Qa1 Qf8 
29.Ba4 Bh6 30.Rd3 c6 31.Nb6 Rxd3 32.Rxd3 Nf4 33.Rd2 Nxh3+ 34.gxh3 Bxd2 35.
Bxd2 Bxh3 36.Qc3 Bg4 37.Nxe5 fxe5 38.Qxe5+ Qg7 39.Qg3 Qa1+ 40.Kh2 Bf3 41.
Bd1 Qxd1 42.Qe5+ Kg8 43.Qe8+ Rf8 44.Qe6+ Kg7 45.Qe7+ Kg8 46.Qe6+ Kg7 47.
Qe7+ Kg8 48.Qe6+ 1/2-1/2

[Event "23rd EUR-ch"]
[Site "Vrnjacka Banja SRB"]
[Date "2023.03.10"]
[Round "8.96"]
[White "Bronstein, Or"]
[Black "Danielian, Vahe"]
[Result "0-1"]
[WhiteElo "2465"]
[BlackElo "2307"]
[EventDate "2023.03.03"]
[PlyCount "41"]

1.d4 Nf6 2.c4 g6 3.Nc3 Bg7 4.e4 d6 5.h3 O-O 6.Be3 Na6 7.Be2 e5 8.d5 Nc5 9.
Qc2 a5 10.Nf3 c6 11.Nd2 a4 12.Bxc5 dxc5 13.Nxa4 Bh6 14.Nc3 Nh5 15.Bg4 f5 
16.exf5 cxd5 17.Nxd5 Bxf5 18.Bxf5 gxf5 19.Nf1 Ra6 20.g4 Ng7 21.Ng3 0-1

[Event "23rd EUR-ch"]
[Site "Vrnjacka Banja SRB"]
[Date "2023.03.10"]
[Round "8.97"]
[White "Samani, Yamac"]
[Black "Kurmann, Oliver"]
[Result "1/2-1/2"]
[WhiteElo "2357"]
[BlackElo "2464"]
[EventDate "2023.03.03"]
[PlyCount "96"]

1.e4 c5 2.Nf3 e6 3.b3 d5 4.exd5 exd5 5.Bb5+ Nc6 6.Bb2 Nf6 7.O-O Bd6 8.Qe2+
Be6 9.Ne5 Qc7 10.f4 O-O 11.Bxc6 bxc6 12.Nc3 Rae8 13.Rae1 Bf5 14.Na4 d4 15.
c3 Nd5 16.cxd4 cxd4 17.Qc4 Nb6 18.Qxd4 c5 19.Qc3 Nxa4 20.bxa4 f6 21.Nc4 
Rxe1 22.Rxe1 Bxf4 23.g3 Bh6 24.Ne3 Be6 25.Ba3 Rc8 26.Ng4 Bxg4 27.Qc4+ Qf7 
28.Qxg4 f5 29.Qf3 Bxd2 30.Re5 g6 31.Rxc5 Re8 32.Rd5 Bc3 33.Bc5 Bf6 34.Kg2 
Rd8 35.Rxd8+ Bxd8 36.Qa8 Qxa2+ 37.Kh3 Qd2 38.Be7 Kf7 39.Qxd8 Qe2 40.Qf8+ 
Ke6 41.Qf6+ Kd7 42.Qd6+ Ke8 43.Qd8+ Kf7 44.Qf8+ Ke6 45.Qg8+ Kxe7 46.Qxh7+ 
Kf6 47.Qh8+ Kf7 48.Qh7+ Kf6 1/2-1/2

[Event "23rd EUR-ch"]
[Site "Vrnjacka Banja SRB"]
[Date "2023.03.10"]
[Round "8.98"]
[White "Milosevic, Milos"]
[Black "Isik, Alparslan"]
[Result "1-0"]
[WhiteElo "2347"]
[BlackElo "2462"]
[EventDate "2023.03.03"]
[PlyCount "50"]

1.e4 e5 2.Nf3 Nc6 3.Bb5 a6 4.Ba4 Nf6 5.O-O b5 6.Bb3 Nxe4 7.d4 d5 8.dxe5 
Be6 9.Nbd2 Nc5 10.c3 Be7 11.Bc2 d4 12.Nb3 d3 13.Bb1 Nxb3 14.axb3 O-O 15.
Qxd3 Qxd3 16.Bxd3 Rfd8 17.Be4 Bd5 18.Bxd5 Rxd5 19.Bf4 a5 20.b4 a4 21.Rfd1 
Rad8 22.Rxd5 Rxd5 23.Kf1 g5 24.Nxg5 Bxg5 25.Bxg5 Nxe5 1-0

[Event "23rd EUR-ch"]
[Site "Vrnjacka Banja SRB"]
[Date "2023.03.10"]
[Round "8.99"]
[White "Piliposian, Robert"]
[Black "Stefansson, Vignir Vatnar"]
[Result "1/2-1/2"]
[WhiteElo "2314"]
[BlackElo "2461"]
[EventDate "2023.03.03"]
[PlyCount "58"]

1.d4 d5 2.Nf3 e6 3.c4 c6 4.cxd5 exd5 5.Nc3 Nf6 6.Bg5 Bd6 7.e3 O-O 8.Qc2 
Re8 9.Bd3 h6 10.Bh4 Be6 11.O-O Nbd7 12.Rab1 a5 13.a3 Qb8 14.Bg3 Bxg3 15.
hxg3 Qd6 16.b4 axb4 17.axb4 b5 18.Qb2 Nb6 19.Ra1 Nfd7 20.Nd2 g6 21.e4 dxe4
22.Ncxe4 Qd5 23.Nc5 Bf5 24.Bxf5 Qxf5 25.Rxa8 Rxa8 26.Nxd7 Qxd7 27.Nf3 Nc4 
28.Qc1 Kg7 29.Qf4 Ra4 1/2-1/2

[Event "23rd EUR-ch"]
[Site "Vrnjacka Banja SRB"]
[Date "2023.03.10"]
[Round "8.100"]
[White "Levitan, Tal"]
[Black "Willow, Jonah"]
[Result "0-1"]
[WhiteElo "2276"]
[BlackElo "2459"]
[EventDate "2023.03.03"]
[PlyCount "76"]

1.e4 c5 2.Nf3 Nc6 3.Bb5 Nf6 4.e5 Nd5 5.Nc3 Nc7 6.Bxc6 dxc6 7.d3 Bg4 8.h3 
Bxf3 9.Qxf3 Ne6 10.O-O Qc7 11.Qg3 Nd4 12.Bf4 Qb6 13.Rab1 e6 14.Rfc1 O-O-O 
15.Be3 Nf5 16.Qf4 g6 17.Re1 Qc7 18.g4 Bh6 19.Qe4 Bxe3 20.fxe3 Nh4 21.Rf1 
f5 22.exf6 Qg3+ 23.Kh1 Qxh3+ 24.Kg1 Qg3+ 25.Kh1 h5 26.g5 Qh3+ 27.Kg1 Rd5 
28.Kf2 Rf5+ 29.Ke2 Qh2+ 30.Ke1 Re5 31.Rf2 Qg3 32.Qh1 Rxe3+ 33.Kf1 Nf5 34.
Ne4 Qg4 35.Re1 Rxe4 36.Rxe4 Ng3+ 37.Ke1 Nxh1 38.Rxg4 Nxf2 0-1